Chess Players by Picture - Statistics

General Stats
  • This quiz has been taken 33 times
  • The average score is 12 of 20
Answer Stats
Picture Answer % Correct
Magnus Carlsen
93%
Garry Kasparov
86%
Bobby Fischer
79%
Hikaru Nakamura
76%
Fabiano Caruana
66%
Gukesh Dommaraju
66%
Levy Rozman
66%
Viswanathan Anand
66%
Ding Liren
62%
Mikhail Tal
62%
Anatoly Karpov
55%
Boris Spassky
52%
Rameshbabu Praggnanandhaa
52%
Judit Polgár
48%
Levon Aronian
48%
Vladimir Kramnik
48%
Anna Cramling
45%
José Raúl Capablanca
38%
Mikhail Botvinnik
38%
Dina Belenkaya
28%
No matching quizzes found
Score Distribution
Percent of People with Each Score
Percentile by Number Answered
Your Score History
You have not taken this quiz